000 00514nam a2200181 a 4500
001 1768017001345
003 YourLibrary
005 20260110115845.0
008 260110s2006##################000#0#eng##
020 _a3631547293
082 0 4 _a301.01
_bSTR
100 1 _aStrauss, D. F. M.,
_eauthor.
245 1 0 _aReintegrating Social Theory :
260 _bPeter Lang Gmbh, Internationaler Verlag Der Wissenschaften,
_c2006.
650 0 _aSociology.
942 _cENGLISH
040 _aYourLibrary
_beng
_cYourLibrary
999 _c608093
_d608093